000 00764nam a2200229 i 4500
001 124490
003 ES-MaACL
005 20250813062618.0
007 t|
008 070328s1930 sp ||||1| spa d
080 _a32(091)
100 1 _aGettell, Raymon G.
_956534
245 1 0 _aHistoria de las ideas políticas /
_cRaymond G. Gettell ; traducción del inglés y prólogo de Teodoro González García.
260 _aBarcelona :
_bLabor,
_c[1930]
300 _a2 v., lám. ;
_c17 cm.
490 1 _aColección Labor ;
_v235, 236 y 237, 238
650 _aPolítica-
_vHistoria.
_9172015
700 1 _aGonzález García, Teodoro.
_958661
830 0 0 _aColección Labor
_v235, 236 y 237, 238
_9184254
852 _aES-MaACL
_jE-2742-43
999 _c124490
_d124490